00485nam a2200193 a 4500001001300000003000900013005001700022008004100039020000900080082001600089100002400105245002600129260003500155300000900190500003500199505001700234650001600251700002400267nice12345678IN_TiNIC20260116011928.0050524s1978 dela grp 000 0 urd  ac2000a922.97bJAF aJaffary, Rais Ahmed aIqbal Apne Aaine Mein aDelhibChaman Book Depotc1978 a512p aincludes index and biblioraphy2 aBibliography aKarma-Marga1 aJaffary, Rais Ahmed